[Event "Chioggia op-C 14th"]
[Site "Chioggia"]
[Date "2019.10.05"]
[Round "3"]
[White "Segalina, Luigi"]
[Black "Lin, Boyuan"]
[Result "0-1"]
[WhiteElo "1509"]
[BlackElo "1437"]
[PlyCount "82"]
[EventDate "2019.10.04"]
[EventType "swiss"]
[EventRounds "5"]
[EventCountry "ITA"]
[SourceTitle "EXT 2022"]
[Source "ChessBase"]
[SourceDate "2021.10.06"]
[SourceVersion "1"]
[SourceVersionDate "2021.10.06"]
[SourceQuality "1"]

1. e4 c5 2. e5 Nc6 3. f4 d6 4. exd6 exd6 5. Nf3 g6 6. d4 cxd4 7. Nxd4 Bg7 8. Nf3 Nf6 9. Bb5 0-0 10. 0-0 Qb6+ 11. Kh1 Qxb5 12. Nc3 Qa6 13. h3 Bf5 14. Rf2 Rad8 15. Nh4 Be6 16. f5 Bd7 17. Bf4 Ne5 18. b3 Nh5 19. Bh2 Nc6 20. Nd5 Bxa1 21. Qxa1 Qa5 22. c4 Rfe8 23. b4 Nxb4 24. Qc3 Nc6 25. g4 Qxc3 26. Nxc3 Ng7 27. Bxd6 gxf5 28. Nd5 Re6 29. c5 fxg4 30. Nf6+ Kh8 31. hxg4 b6 32. Kh2 bxc5 33. Bxc5 Ne8 34. Nh5 Kg8 35. Kg3 Re4 36. Nf5 Bxf5 37. gxf5 Re5 38. Rc2 Rxf5 39. Nf4 Nf6 40. a3 Ne4+ 41. Kg4 Rxc5 0-1